000 00660nam a2200205Ii 4500
003 JO-AjNU
008 230605s9999||||xx |||||||||||||| ||und||
017 _a2011/8/3226
040 _aJO-AjNU
_bara
_erda
_cJO-AjNU
041 _aara
050 1 4 _aPJ7866 2011
100 3 _aتأليف ربابعة،شفيق,
_eauthor
_933640
245 0 0 _aديوان مفاتيح القلوب ومصابيح الدروب
264 3 1 _aعمان: المؤلف، 2011
300 _a181ص
336 _atext
_btxt
_2rdacontent
337 _aunmediated
_bn
_2rdamedia
338 _avolume
_bnc
_2rdacarrier
650 4 _aالشعر العربي - العصر الحديث
_933641
999 _aA13713
_c17281
_d17281